An introduction to the guiding principles in the decision on patent law (Record no. 42075)

MARC details
000 -LEADER
fixed length control field 00320nam a2200109Ia 4500
082 ## - DEWEY DECIMAL CLASSIFICATION NUMBER
Classification number 347.77
Item number SWA
245 #3 - TITLE STATEMENT
Title An introduction to the guiding principles in the decision on patent law
260 ## - PUBLICATION, DISTRIBUTION, ETC. (IMPRINT)
Place of publication Delhi
Name of publisher Bahri Brothers
Year of publication 2000
700 ## - ADDED ENTRY--PERSONAL NAME
Personal name Swaminathan, K V
942 ## - ADDED ENTRY ELEMENTS (KOHA)
Koha item type Books
Holdings
Withdrawn status Lost status Damaged status Not for loan Home library Current library Date acquired Cost, normal purchase price Full call number Accession Number Koha item type
        RRII Library RRII Library 16/12/2021 495.00 347.77 SWA 22352 Books